Engineering design process / (Record no. 8882)
[ view plain ]
| 000 -LEADER | |
|---|---|
| fixed length control field | 00875nac a22002291u 4500 |
| 010 ## - LIBRARY OF CONGRESS CONTROL NUMBER | |
| LC control number | 2002108119 |
| 020 ## - INTERNATIONAL STANDARD BOOK NUMBER | |
| International Standard Book Number | 053438014X |
| 035 ## - SYSTEM CONTROL NUMBER | |
| System control number | (DLC) 2002108119 |
| 082 ## - DEWEY DECIMAL CLASSIFICATION NUMBER | |
| Classification number | 620.0042 |
| Item number | HAI |
| 090 ## - LOCALLY ASSIGNED LC-TYPE CALL NUMBER (OCLC); LOCAL CALL NUMBER (OCLC) | |
| -- | 8882 |
| -- | 8882 |
| 100 ## - MAIN ENTRY--PERSONAL NAME | |
| Personal name | Haik, Yousef, |
| 245 10 - TITLE STATEMENT | |
| Title | Engineering design process / |
| Statement of responsibility, etc | Yousef Haik. |
| 260 ## - PUBLICATION, DISTRIBUTION, ETC. (IMPRINT) | |
| Place of publication, distribution, etc | [South Melbourne, Victoria], Australia ; |
| -- | Pacific Grove, CA : |
| Name of publisher, distributor, etc | Thomson/Brooks/Cole,2003 |
| Date of publication, distribution, etc | c2003. |
| 300 ## - PHYSICAL DESCRIPTION | |
| Extent | 270 p. : |
| Other physical details | ill. ; |
| Dimensions | 25 cm. |
| 500 ## - GENERAL NOTE | |
| General note | Includes index. |
| 500 ## - GENERAL NOTE | |
| General note | distributer: Scientific home bookshop |
| 511 ## - PARTICIPANT OR PERFORMER NOTE | |
| Participant or performer note | catalgued by: wessam |
| 650 #0 - SUBJECT ADDED ENTRY--TOPICAL TERM | |
| Topical term or geographic name as entry element | Engineering design. |
| 856 41 - ELECTRONIC LOCATION AND ACCESS | |
| Materials specified | Table of contents |
| Uniform Resource Identifier | <a href="http://www.loc.gov/catdir/toc/fy043/2002108119.html">http://www.loc.gov/catdir/toc/fy043/2002108119.html</a> |
| 942 ## - ADDED ENTRY ELEMENTS (KOHA) | |
| Item type | Book - Borrowing |
| Call number prefix | 620.0042HAI |
| Withdrawn status | Item status | Source of classification or shelving scheme | Damaged status | Not for loan | Home library | Current library | Shelving location | Date acquired | Source of acquisition | Total Checkouts | Full call number | Barcode | Date last seen | Date last borrowed | Cost, replacement price | Koha item type |
|---|---|---|---|---|---|---|---|---|---|---|---|---|---|---|---|---|
| Dewey Decimal Classification | Central Library | Central Library | First floor | 27/03/2008 | Purchase | 2 | 620.0042HAI | 000010415 | 15/07/2025 | 17/09/2009 | 645.00 | Book - Borrowing |